000 00646nam a2200181 i 4500
001 21214
003 ES-MaACL
005 20251003063037.0
007 t|
008 021122s1966 sp ||||1| spa d
100 1 _aAlbareda Herrera, José María,
_d1902-1966
_9157514
245 1 0 _aDiscursos pronunciados en el acto académico celebrado el día 13 de junio de 1966 en la Universidad de Navarra /
_cJosé María Albareda Herrera.
260 _aPamplona :
_bGómez,
_c1966.
300 _a63 p. :
_b1 retr. aut. ;
_c28 cm.
710 2 _aUniversidad de Navarra.
_97252
852 _aES-MaACL
_jC-32948
_bR.62780
999 _c21214
_d21214